Loading...

ഒരു ജനാധിപത്യവാദിയുടെ വീണ്ടുവിചാരങ്ങൾ /

Bibliographic Details
Main Author: Venu, K
Format: Printed Book
Language:Malayalam
Published: Kozhikode : Haritham Books , 2002.
Subjects:
LEADER 00711nam a22001577a 4500
008 210223b ||||| |||| 00| 0 mal d
082 |2 22  |a 854.65V1 
100 |a Venu, K 
245 |a ഒരു ജനാധിപത്യവാദിയുടെ വീണ്ടുവിചാരങ്ങൾ /  |c കെ. വേണു  
246 |a Oru janathipathya vathiyude veendu vicharangal 
260 |a Kozhikode :  |b Haritham Books ,  |c 2002. 
300 |a 126p. ,  |c 22cm. 
653 |a Malayalam-- Essays 
942 |c BK 
999 |c 355255  |d 355255 
952 |0 0  |1 0  |2 ddc  |4 0  |6 854_000000000000000_65V1_ORU_M  |7 0  |9 412356  |a UL  |b UL  |c PROC  |d 2021-02-23  |e Donation -I.G.Bhaskara Panikker Family  |o 854.65V1 ORU M  |p G12016  |r 2021-02-23  |v 60.00  |w 2021-02-23  |y BK